[Event "Athens Smaok-ch"]
[Site "Greece"]
[Date "2012.10.14"]
[Round "5.14"]
[White "Roussos, Konstantinos"]
[Black "Trantas, Triantafillos"]
[Result "1/2-1/2"]
[WhiteElo "1537"]
[BlackElo "1487"]
[PlyCount "27"]
[EventDate "2012.09.16"]
[EventType "swiss"]
[EventRounds "7"]
[EventCountry "GRE"]
[SourceTitle "EXT 2024"]
[Source "ChessBase"]
[SourceDate "2023.10.10"]
[SourceVersion "1"]
[SourceVersionDate "2023.10.10"]
[SourceQuality "1"]

1. e4 Nc6 2. Nf3 d6 3. d4 Bg4 4. Be2 Nf6 5. Nc3 e6 6. 0-0 Be7 7. h3 Bh5 8. Be3 0-0 9. a3 Qd7 10. Re1 Bg6 11. Bd3 Bh5 12. Be2 Bg6 13. Bd3 Bh5 14. Be2 1/2-1/2

[Event "Athens Smaok op 8th"]
[Site "Athens"]
[Date "2008.09.26"]
[Round "2.6"]
[White "Tepelenis, Nikolaos"]
[Black "Roussos, Konstantinos"]
[Result "1-0"]
[WhiteElo "2153"]
[BlackElo "1500"]
[PlyCount "79"]
[EventDate "2008.09.20"]
[EventType "swiss"]
[EventRounds "4"]
[EventCountry "GRE"]
[SourceTitle "EXT 2024"]
[Source "ChessBase"]
[SourceDate "2023.10.10"]
[SourceVersion "1"]
[SourceVersionDate "2023.10.10"]
[SourceQuality "1"]

1. c4 c5 2. Nc3 e6 3. e3 g6 4. d4 Bg7 5. Nf3 b6 6. Nb5 d5 7. dxc5 bxc5 8. cxd5 exd5 9. Qxd5 Qxd5 10. Nc7+ Kd7 11. Nxd5 Ne7 12. Bb5+ Kd8 13. Nc3 Ba6 14. 0-0 Bxc3 15. Bxa6 Nxa6 16. bxc3 Kc7 17. e4 f6 18. Bf4+ Kc6 19. Nd2 g5 20. Bg3 Ng6 21. Nc4 Rhd8 22. Rab1 Nf4 23. Na5+ Kd7 24. Bxf4 gxf4 25. Rb7+ Nc7 26. g4 Rdb8 27. Rd1+ Kc8 28. Rdb1 f3 29. h3 a6 30. a4 Rxb7 31. Rxb7 Rb8 32. Rxb8+ Kxb8 33. Kh2 Ne6 34. Kg3 Ng5 35. Kf4 Nxh3+ 36. Kxf3 Ng5+ 37. Kf4 Nh3+ 38. Ke3 Kc7 39. f4 Kd6 40. c4 1-0

[Event "Athens Smaok-ch"]
[Site "Athens"]
[Date "2007.09.19"]
[Round "2.12"]
[White "Soursos, Panayotis"]
[Black "Roussos, Konstantinos"]
[Result "1/2-1/2"]
[WhiteElo "1505"]
[BlackElo "1525"]
[PlyCount "88"]
[EventDate "2007.09.12"]
[EventType "swiss"]
[EventRounds "9"]
[EventCountry "GRE"]
[SourceTitle "EXT 2024"]
[Source "ChessBase"]
[SourceDate "2023.10.10"]
[SourceVersion "1"]
[SourceVersionDate "2023.10.10"]
[SourceQuality "1"]

1. d4 d5 2. e3 e6 3. c4 c6 4. Nf3 Nf6 5. Nc3 Nbd7 6. Bd3 Bd6 7. 0-0 0-0 8. Qc2 dxc4 9. Bxc4 e5 10. dxe5 Nxe5 11. Nxe5 Bxe5 12. f4 Bc7 13. e4 Bb6+ 14. Kh1 Qd4 15. Qd3 Ng4 16. Qxd4 Bxd4 17. h3 Ne3 18. Bxe3 Bxe3 19. Rad1 Re8 20. Rd3 Bc5 21. Rfd1 b5 22. Bb3 Ba6 23. Rd7 Be7 24. Rc7 c5 25. Rdd7 c4 26. Bc2 Bf8 27. Rxf7 Bc8 28. Rxa7 Rb8 29. e5 Be6 30. Rfb7 b4 31. Na4 Rxb7 32. Rxb7 Rd8 33. Be4 Rd2 34. Rc7 Rd4 35. f5 Rxe4 36. fxe6 Rxe5 37. Rxc4 Rxe6 38. Rc2 Bd6 39. Kg1 Bg3 40. Rc1 Ra6 41. b3 Re6 42. Rf1 Re2 43. Rf3 Re1+ 44. Rf1 Re2 1/2-1/2